01339cam a2200313 i 4500999001900000001000800019003000500027005001700032008004100049010001700090020002400107038001200131040001800143050002100161082001100182110007700193245020800270260008300478300002800561440004700589504004100636650003200677650002900709710007900738710005900817906004500876942001200921952009200933 c529331d5293311743728NUST20190924125847.0750722s1975 dcua b f000 0 eng  a 75013909  a0309023092 :c$3.60 aMSOHAIL aDLCcDLCdDLC00aTE278b.N38 197500a625.842 aNational Research Council (U.S.).bTransportation Research Board.91967610aPCC pavements for low-volume roads and city streets :bresearch sponsored by the American Association of State Highway and Transportation Officials in cooperation with the Federal Highway Administration. aWashington :bTransportation Research Board, National Research Council,c1975. a31 p. :bill. ;c28 cm. 0aSynthesis of highway practice ;v27921209 aIncludes bibliographical references. 0aPavements, Concrete.920053 0aLow-volume roads.9212102 aAmerican Association of State Highway and Transportation Officials.9195531 aUnited States.bFederal Highway Administration.920149 a7bcbccorignewd2eocipf19gy-gencatlg 2ddccBK 00102ddc4070aNITbNITd2019-09-24l0o625.84pNIT-10839r2019-09-24w2019-09-24yBK